| 000 | 01224nam a22003857a 4500 | ||
|---|---|---|---|
| 001 | BR2012001631 | ||
| 003 | BR-BrBNA | ||
| 005 | 20230928103910.0 | ||
| 007 | ta | ||
| 008 | 230509b bl.||||| |||| 00| 0 por d | ||
| 040 |
_aBR-BrBNA _bpor _cBiblioteca Nacional de Agricultura |
||
| 041 | _a(Eng, Por) | ||
| 072 |
_aP06 _b0230 |
||
| 090 | _ 0230 BR2012001631 | ||
| 100 | 1 | _aSousa, E.L.L. de | |
| 100 | 1 | _aMacedo, I. de C. (ed.) | |
| 110 | 1 | _aUnião da Indústria de Cana-de-Açúcar, São Paulo, SP (Brasil) | |
| 245 | 1 | _aEtanol e bioeletricidade: a cana-de-açúcar no futuro da matriz energética; Ethanol and bioelectricity; sugarcane in the future of the energy matrix | |
| 250 | 1 | _a1. ed. | |
| 260 | 3 |
_aSão Paulo, SP (Brasil): _bLuc, _c2010. |
|
| 300 | _a314 p. | ||
| 500 | _aIncludes several bibliographies; 45 illus.; 5 graphs.; 84 tables | ||
| 650 | _aETANOL | ||
| 650 | _aBIOCOMBUSTÍVEL | ||
| 650 | _aAGRICULTURA SUSTENTÁVEL | ||
| 650 | _aAGRONEGÓCIO | ||
| 650 | _aBIOENERGIA | ||
| 650 | _aBIOTECNOLOGIA | ||
| 650 | _aCANA DE AÇÚCAR | ||
| 650 | _aINDÚSTRIA | ||
| 650 | _aMEIO AMBIENTE | ||
| 650 | _aRECURSO ENERGÉTICO | ||
| 909 |
_a202309 _bLucia _c55 _dLucia Elande |
||
| 942 | _cBK | ||
| 999 |
_c77145 _d77145 |
||